000 00652nam a2200229Ia 4500
003 OSt
005 20220926010332.0
006 a|||||r|||| 00| 0
007 ta
008 220923b |||||||| |||| 00| 0 eng d
020 _a9788130931005
037 _cGeneral Book
040 _aRTL
_cRTL
_beng
041 _2eng
_aeng
082 _aY9(W82).243, Q5
100 _aEAPEN P George
_9312100
245 0 _aSilence of many
_b The fallout of Operation Blue Star
260 _a New Delhi
_bViva Books
_c2015
300 _axxxii,254p
_ccm.
942 _hY9(W82).243, Q5
_cGB
_2CC
999 _c617004
_d617004